| 000 | 00568nam a2200181 i 4500 | ||
|---|---|---|---|
| 001 | 100909 | ||
| 003 | ES-MaACL | ||
| 005 | 20230906182802.0 | ||
| 007 | t| | ||
| 008 | 051006s1952 sp ||||1| spa d | ||
| 100 | 1 |
_aMatilla, Valentín. _979075 |
|
| 245 | 1 | 0 |
_aTratado de higiene / _cpublicado bajo la dirección del Prof. Dr. Valentín Matilla... |
| 260 |
_aValencia : _bSaber, _c1952. |
||
| 300 |
_a2 v. : _bil. ; _c25 cm. |
||
| 650 | 0 | 4 |
_aHigiene. _913347 |
| 852 |
_aES-MaACL _jC-17414-5 _bR.45568 |
||
| 852 |
_aES-MaACL _jP-1042 _q. - Es la 2ª parte del Tomo I |
||
| 999 |
_c100909 _d100909 |
||